Health Education: a New Approach/ (Record no. 2877)
[ view plain ]
| 000 -LEADER | |
|---|---|
| fixed length control field | 00463nam a22001577a 4500 |
| 005 - DATE AND TIME OF LATEST TRANSACTION | |
| control field | 20250123085933.0 |
| 008 - FIXED-LENGTH DATA ELEMENTS--GENERAL INFORMATION | |
| fixed length control field | 250123b |||||||| |||| 00| 0 eng d |
| 020 ## - INTERNATIONAL STANDARD BOOK NUMBER | |
| International Standard Book Number | 070699745X |
| 050 ## - LIBRARY OF CONGRESS CALL NUMBER | |
| Classification number | RA440.5 RAM |
| 100 ## - MAIN ENTRY--PERSONAL NAME | |
| Personal name | Ramachandran, L. |
| 245 ## - TITLE STATEMENT | |
| Title | Health Education: a New Approach/ |
| Statement of responsibility, etc. | L. Ramachandran, T. Dharmalingam |
| 260 ## - PUBLICATION, DISTRIBUTION, ETC. | |
| Place of publication, distribution, etc. | New Delhi |
| Name of publisher, distributor, etc. | Vikas Publishing House |
| Date of publication, distribution, etc. | 2005 |
| 300 ## - PHYSICAL DESCRIPTION | |
| Extent | x. 284p. |
| Other physical details | ill. |
| Dimensions | 21.5cm |
| 700 ## - ADDED ENTRY--PERSONAL NAME | |
| Personal name | Dharmalingam, T. |
| 942 ## - ADDED ENTRY ELEMENTS (KOHA) | |
| Source of classification or shelving scheme | Library of Congress Classification |
| Koha item type | Books |
| Suppress in OPAC | No |
| 999 ## - | |
| -- | 2877 |
| -- | 2877 |
| Withdrawn status | Lost status | Source of classification or shelving scheme | Damaged status | Not for loan | Collection | Home library | Current library | Shelving location | Date acquired | Total checkouts | Full call number | Barcode | Date last seen | Copy number | Price effective from | Koha item type |
|---|---|---|---|---|---|---|---|---|---|---|---|---|---|---|---|---|
| Library of Congress Classification | Non-fiction | Science Library (Miotso) | Science Library (Miotso) | General stacks | 01/23/2025 | RA440.5 RAM | SLM00002241 | 01/23/2025 | 1 | 01/23/2025 | Books | |||||
| Library of Congress Classification | Non-fiction | Science Library (Miotso) | Science Library (Miotso) | General stacks | 01/23/2025 | RA440.5 RAM | SLM00002242 | 01/23/2025 | 2 | 01/23/2025 | Books |